Готовимся к школе вместе со сказкой "Дюймовочка" (Запись № 2259134)

Подробности
000 -МАРКЕР
контрольное поле 01611nam0a2200349 4500
001 - ИДЕНТИФИКАТОР ЗАПИСИ
контрольное поле RU\NLR\bibl\1849610
005 - ИДЕНТИФИКАТОР ВЕРСИИ
контрольное поле 20260408235353.0
010 ## - МЕЖДУНАРОДНЫЙ СТАНДАРТНЫЙ НОМЕР КНИГИ (ISBN)
Номер (ISBN) 978-5-418-00283-9
Тираж 10000
021 ## - НОМЕР ГОСУДАРСТВЕННОЙ РЕГИСТРАЦИИ
Код страны Российская Федерация
Номер 2011-94392
Номер Листа государственной регистраци 6769
035 ## - ДРУГИЕ СИСТЕМНЫЕ НОМЕРА
Идентификатор записи (NLR Aleph) 001840010
100 ## - ДАННЫЕ ОБЩЕЙ ОБРАБОТКИ
Данные общей обработки 20111216d2012 |||y0rusy50 ca
101 0# - ЯЗЫК РЕСУРСА
Язык текста, звукозаписи и т.д. русский
102 ## - СТРАНА ПУБЛИКАЦИИ ИЛИ ПРОИЗВОДСТВА
Страна публикации Российская Федерация
105 ## - ПОЛЕ КОДИРОВАННЫХ ДАННЫХ: ТЕКСТОВЫЕ МАТЕРИАЛЫ, МОНОГРАФИЧЕСКИЕ
Кодированные данные о монографическом текстовом документе a |||||||||
200 1# - ЗАГЛАВИЕ И СВЕДЕНИЯ ОБ ОТВЕТСТВЕННОСТИ
Основное заглавие Готовимся к школе вместе со сказкой "Дюймовочка"
Сведения, относящиеся к заглавию по мотивам сказки Х.К. Андерсена
-- учебное пособие для дошкольников
Первые сведения об ответственности О.Т. Поглазова
205 ## - СВЕДЕНИЯ ОБ ИЗДАНИИ
Сведения об издании 2-е изд.
210 ## - ПУБЛИКАЦИЯ, РАСПРОСТРАНЕНИЕ И ДР.
Место издания, распространения и т.д. Смоленск
Имя издателя, распространителя и т. д. Ассоциация XXI век
Дата издания, распространения и т.д. 2012
215 ## - ФИЗИЧЕСКАЯ ХАРАКТЕРИСТИКА
Специфическое обозначение материала и объем 31 с.
Другие сведения о физической характеристике ил., цв. ил.
Размеры 28
225 1# - СЕРИЯ
Основное заглавие серии Ступеньки детства
300 ## - ОБЩИЕ ПРИМЕЧАНИЯ
Текст примечания В вып. дан. загл.: Вместе со сказкой "Дюймовочка"
500 ## - УНИФИЦИРОВАННОЕ ЗАГЛАВИЕ
Унифицированное заглавие Дюймовочка
Идентификатор авторитетной / нормативной записи RU\NLR\auth\559767
Системный номер авторитетной/нормативной записи 2631768
517 0# - ДРУГИЕ ВАРИАНТЫ ЗАГЛАВИЯ
Вариант заглавия Вместе со сказкой "Дюймовочка"
606 1# - НАИМЕНОВАНИЕ ТЕМЫ КАК ПРЕДМЕТ
Наименование темы Дошкольники
Тематический подзаголовок Подготовка к школе
-- Использование сказок
Системный номер авторитетной/нормативной записи 2107985
Идентификатор авторитетной/нормативной записи RU\NLR\auth\661577807
686 ## - ИНДЕКСЫ ДРУГИХ КЛАССИФИКАЦИЙ
Индекс Ч411.389я7
700 #1 - ИМЯ ЛИЦА - ПЕРВИЧНАЯ ОТВЕТСТВЕННОСТЬ
Код отношения Автор
Материалы, к которым относится поле rus
Графика поля Кириллица
Начальный элемент ввода Поглазова
Часть имени, кроме начального элемента ввода О. Т.
Расширение инициалов личного имени Ольга Тихоновна
Идентификатор авторитетной/нормативной записи RU\NLR\auth\774045
Системный номер авторитетной/нормативной записи 114034
702 #1 - ИМЯ ЛИЦА - ВТОРИЧНАЯ ОТВЕТСТВЕННОСТЬ
Код отношения Прочие
Материалы, к которым относится поле rus
Графика поля Кириллица
Начальный элемент ввода Андерсен
Часть имени, кроме начального элемента ввода Х. К.
Даты 1805-1875
Расширение инициалов личного имени Ханс Кристиан
Идентификатор авторитетной/нормативной записи RU\NLR\auth\772165
Системный номер авторитетной/нормативной записи 112181
801 #0 - ИСТОЧНИК ЗАПИСИ
Страна Российская Федерация
Организация NLR
Дата составления 20111216
Правила каталогизации RCR
801 #1 - ИСТОЧНИК ЗАПИСИ
Страна Российская Федерация
Организация NLR
Дата составления 20111216
942 ## - ДОПОЛНИТЕЛЬНЫЕ ЭЛЕМЕНТЫ ЗАПИСИ (АБИС)
Тип экземпляра АБИС Книга
980 ## - КОЛЛЕКЦИЯ
Название коллекции Национальная библиография
Экземпляры
Тип экземпляра Дата поступления Источник поступления Библиотека постоянного хранения Библиотека текущего хранения Место хранения Шифр хранения Штрих-код Статус экземпляра Стоимость
Книга 16.12.2011 Обязательный экземпляр РНБ (Московский) РНБ (Московский) Русский книжный фонд: издания с 1957 года 2011-8/3772 3560582    
Книга 16.12.2011 Обязательный экземпляр РНБ (Московский) РНБ (Московский) Обменный фонд   3560584    
Книга 11.03.2015 Обязательный экземпляр РНБ (Московский) РНБ (Московский) Обменный фонд   1-890503   0.00
Книга 11.03.2015 Обязательный экземпляр РНБ (Московский) РНБ (Московский) Обменный фонд   1-890509   0.00